000 00588cam a22001457a 4500
008 180718b1972 xxu||||| |||| 00| 0 eng d
082 _aB12x73 Un3int/84
100 _aUnited States. The Commission on Population growth and the American future research reports
245 _aGovernance and population: the governmental implications of population change
_cedited by A.E. Keir Nash
260 _aWashington, D.C.
_bU.S. Government Printing Office
_c1972
300 _a342p.
500 _aChairman: John D. Rockfeller
700 _aRockefeller, John D., Chairman
700 _aKeir Nash, A.E.
999 _c488805
_d488805